000
00333nam a22001577a 4500
003
SGT
020
_a
817 371 415 6
082
_a
658.8
_b
M03P
100
_a
PATI,DEBASHIS
245
_a
MARKETING RESEARCH
250
_a
1ST
260
_a
HYDERABAD
_b
UNIVERSITY PRESS
_c
2003
300
_a
682
650
_a
PHARMACY
942
_2
ddc
_c
BK
999
_c
11196
_d
11196